| 000 | 00384nam a2200157Ia 4500 | ||
|---|---|---|---|
| 008 | 210210b1997 xxu||||| |||| 00| 0 eng d | ||
| 082 | _a635.93415 MERO | ||
| 100 | _aMERCY (S T) | ||
| 245 | _aOrchids. | ||
| 260 |
_aKerala. _bSanchita, J., Sampagita, Edapazhanji, _c1997 |
||
| 300 | _a144 | ||
| 650 | _aOrchids | ||
| 690 | _aPlants | ||
| 700 | _aDALE (Bobby). | ||
| 906 | _a053627 | ||
| 999 |
_c101552 _d101552 |
||